Del controversial mercado de talentos ¿Quién gana, quién pierde? /

Salvato in:
Dettagli Bibliografici
Autore principale: Fernández Alvarez, Olga E.
Natura: testo
Soggetti:
Tags: Aggiungi Tag
Nessun Tag, puoi essere il primo ad aggiungerne!!

MARC

LEADER 00000 a a2200000 04500
001 4414
003
040
100 |a Fernández Alvarez, Olga E.  
245 |a Del controversial mercado de talentos ¿Quién gana, quién pierde? /  |c Olga E. Fernández Alvarez 
650 |a MIGRACION  
650 |a EXODO INTELECTUAL  
650 |a MIGRACION INTERNACIONAL  
650 |a ASPECTOS SOCIALES  
773 |g volumen 15, número 29; páginas 173-190  
999 |c 19746  |d 19746